Los indios que mató John Wayne / (Registro nro. 30286)
[ vista simple ]
| 000 -CABECERA | |
|---|---|
| campo de control de longitud fija | 00855nam a22002417a 4500 |
| 003 - IDENTIFICADOR DE NÚMERO DE CONTROL | |
| control field | OSt |
| 008 - CÓDIGOS DE INFORMACIÓN DE LONGITUD FIJA | |
| fixed length control field | 231026t1985 ck gr 000 jbspa d |
| 020 ## - NÚMERO INTERNACIONAL NORMALIZADO PARA LIBROS | |
| ISBN | 8482804863 |
| 040 ## - Fuente de catalogación | |
| Agencia original de catalogación | CO-JMCR |
| Agencia de transcripción | CO-JMCR |
| Agencia de modificación | CO-JMCR |
| Convenciones de descripción | rda |
| Lenguaje de catalogación | spa |
| 041 0# - CÓDIGO DE LENGUA | |
| Código idioma | spa |
| 082 04 - NÚMERO DE LA CLASIFICACIÓN DECIMAL DEWEY | |
| Número de clasificación Decimal | A-C |
| Número de documento (Cutter) | CUEi |
| 100 1# - PUNTO DE ACCESO PRINCIPAL-NOMBRE DE PERSONA | |
| 9 (RLIN) | 43528 |
| Nombre personal | Cuervo, Germán, |
| Término de función/relación | autor |
| Fechas asociadas al nombre | 1950- |
| 245 14 - TÍTULO PROPIAMENTE DICHO | |
| Título | Los indios que mató John Wayne / |
| Mención de responsabilidad, etc. | German Cuervo |
| 260 ## - PUBLICACIÓN, DISTRIBUCIÓN, ETC. (PIE DE IMPRENTA) | |
| Fecha de publicación, distribución, etc. | 1985 |
| 264 ## - PRODUCCION, PUBLICACION, DISTRIBUCION, COPYRIGHT | |
| Lugar de producción, publicación, distribución, etc | Colombia : |
| Nombre del editor, productor, distribuidor, etc | Editorial Oveja Negra , |
| Fecha de producción, publicación, distribución, copyright | ©1985 |
| 300 ## - DESCRIPCIÓN FÍSICA | |
| Extensión | 155 páginas ; |
| Dimensiones | 19 cm. |
| 500 ## - NOTA GENERAL | |
| Nota general | Incluye datos biográficos del autor |
| 505 0# - NOTA DE CONTENIDO FORMATADO | |
| Nota de contenido formateada | Los indios que mato John Wayne... pág7 -- El acero del norte... pág. 13 -- Gloria luna...pág. 21 |
| 650 14 - TÉRMINO DE MATERIA | |
| Subdivisión cronológica | Siglo XX |
| 9 (RLIN) | 40443 |
| 650 24 - TÉRMINO DE MATERIA | |
| Subdivisión cronológica | SIglo XX |
| 9 (RLIN) | 39161 |
| Withdrawn status | Lost status | Source of classification or shelving scheme | Damaged status | Not for loan | Home library | Current library | Shelving location | Date acquired | Source of acquisition | Total Checkouts | Full call number | Barcode | Date last seen | Copy number | Price effective from | Koha item type |
|---|---|---|---|---|---|---|---|---|---|---|---|---|---|---|---|---|
| Dewey Decimal Classification | Biblioteca Pública José María del Castillo y Rada | Biblioteca Pública José María del Castillo y Rada | Fiction | 12/06/2021 | Donación | A-C CUEi | 201811247 | 02/28/2024 | Ej.1 | 10/26/2023 | Books |